00555nam a2200193Ia 4500003000900000008004100009020001800050040001600068080001600084100002000100245009100120250001200211260005200223300001500275650001600290650001500306650001900321700002100340IN-BaIIA211028s9999 xx 000 0 eng d a0-7121-1655-9 cIIA Library a657.47bBRO aBrown, J. Lewis 0aPrinciples and practice of management accountancycJ. Lewis Brown and Leslie R. Howard a3rd ed. aLondonbThe English Language Book Societyc1975 axii, 756p. aAccountancy aManagement aNASA Thesaurus aHoward, Leslie R